00420nam a2200133Ia 45000010005000000080041000050820031000461000086000772450050001632600024002135900007002379010027002449990015002714216241024s9999 xx 000 0 und d aRD/370.97293/IN56in/2014/2 aRepública Dominicana. Iniciativa Dominicana por una Educación de Calidad IDEC 0aInforme anual de seguimiento y monitoreo 2014 bSanto Domingoc2014 asi a22/8/2016 2:16:34 p.m. c9143d9143